000 00601nam a22001697a 4500
005 20251108165852.0
008 250721s9999 xx 000 0 ara d
082 1 4 _aم/629.1/محم
100 1 _aنصار، محمد عبد المجيد
245 1 0 _aهندسة السيارات :
_bعربي مع التعاريف - إنجليزي - فرنسي - الماني /
264 1 _aالقاهرة :
_bمؤسسة الأهرام،
_c[19-].
300 _a304ص 126p
490 0 _aالمعاجم التكنولوجية المتخصصة
650 1 7 _aالسيارات
942 _2ddc
_cREF
999 _c33430
_d33430